Online katalóg knižníc regiónu Turca

Rozprávky zďaleka i zblízka ; Magda Baloghová, Katarína Hatalová, Danica Hollá, Pavla Kováčová, Silvia Kršková, Michal Nadubinský, Marián Servátka, Kveta Slobodníková, Elena Slobodová, Júlia Stajková, Nadežda Šoltýsová, Ľubica Vychovalá, István Bara, Eberhard Binder, Antoni Boratynski, Miroslav Cipár, Olga Čechová, Ančka Gosnik-Godecová, Miroslav Jágr, Cvijeta Jobová, Oľga Johanidesová, Alexander Koškin, Branislav Slezáček (Record no. 21616)

MARC details
000 -LEADER
fixed length control field 02601nam a2200589 a 4500
001 - CONTROL NUMBER
control field 21616
003 - CONTROL NUMBER IDENTIFIER
control field VRT
005 - DATE AND TIME OF LATEST TRANSACTION
control field 20260306142658.0
008 - FIXED-LENGTH DATA ELEMENTS--GENERAL INFORMATION
fixed length control field 250414s1984 xo 0 slo
015 ## - NATIONAL BIBLIOGRAPHY NUMBER
National bibliography number SNBA1984/06
035 ## - SYSTEM CONTROL NUMBER
System control number SNK000061540
039 #9 - LEVEL OF BIBLIOGRAPHIC CONTROL AND CODING DETAIL [OBSOLETE]
Level of rules in bibliographic description 202504141431
Level of effort used to assign nonsubject heading access points VLOAD
Level of effort used to assign subject headings 202407220824
Level of effort used to assign classification AUTHORITY
Level of effort used to assign subject headings 202306041355
Level of effort used to assign classification AUTHORITY
Level of effort used to assign subject headings 202306041347
Level of effort used to assign classification AUTHORITY
040 ## - CATALOGING SOURCE
Original cataloging agency SNK
Language of cataloging slo
Transcribing agency SNK
Description conventions AACR2
041 0# - LANGUAGE CODE
Language code of text/sound track or separate title slo
044 ## - COUNTRY OF PUBLISHING/PRODUCING ENTITY CODE
MARC country code xo
ISO country code SK
080 ## - UNIVERSAL DECIMAL CLASSIFICATION NUMBER
Universal Decimal Classification number 820/899 (100)-93(087.5)
Edition identifier 1981
080 ## - UNIVERSAL DECIMAL CLASSIFICATION NUMBER
Universal Decimal Classification number 820/899 (100)-3(087.5)
Edition identifier 1981
245 00 - TITLE STATEMENT
Title Rozprávky zďaleka i zblízka ; Magda Baloghová, Katarína Hatalová, Danica Hollá, Pavla Kováčová, Silvia Kršková, Michal Nadubinský, Marián Servátka, Kveta Slobodníková, Elena Slobodová, Júlia Stajková, Nadežda Šoltýsová, Ľubica Vychovalá, István Bara, Eberhard Binder, Antoni Boratynski, Miroslav Cipár, Olga Čechová, Ančka Gosnik-Godecová, Miroslav Jágr, Cvijeta Jobová, Oľga Johanidesová, Alexander Koškin, Branislav Slezáček
250 ## - EDITION STATEMENT
Edition statement 1. vyd.
260 ## - PUBLICATION, DISTRIBUTION, ETC.
Place of publication, distribution, etc. Bratislava
Name of publisher, distributor, etc. Mladé letá
Date of publication, distribution, etc. 1984
Place of manufacture Martin
Manufacturer Tlačiarne SNP
300 ## - PHYSICAL DESCRIPTION
Extent 264 s., 19,12 AH
Other physical details Sch.
Dimensions 26 cm
366 ## - TRADE AVAILABILITY INFORMATION
Note 23000 výtl.
500 ## - GENERAL NOTE
General note Ilustr. na front. a tit. liste. Pre čitateľov od 9 rokov. Spoluvyd. Albatros, Praha. Mimo edície.
700 1# - ADDED ENTRY--PERSONAL NAME
Personal name Baloghová, Magda,
Dates associated with a name 1945-
Relationship trl
700 1# - ADDED ENTRY--PERSONAL NAME
Personal name Hatalová, Katarína
Relationship trl
700 1# - ADDED ENTRY--PERSONAL NAME
Personal name Hollá-Terenová, Danica,
Dates associated with a name 1954-
Relationship trl
700 1# - ADDED ENTRY--PERSONAL NAME
Personal name Kováčová, Pavla,
Dates associated with a name 1931-2014
Relationship trl
700 1# - ADDED ENTRY--PERSONAL NAME
Personal name Kršková, Silvia
Relationship trl
700 1# - ADDED ENTRY--PERSONAL NAME
Personal name Nadubinský, Michal,
Dates associated with a name 1935-2004
Relationship trl
700 1# - ADDED ENTRY--PERSONAL NAME
Personal name Servátka, Marián,
Dates associated with a name 1951-
Relationship trl
700 1# - ADDED ENTRY--PERSONAL NAME
Personal name Slobodníková, Kveta
Relationship trl
700 1# - ADDED ENTRY--PERSONAL NAME
Personal name Slobodová, Elena,
Dates associated with a name 1940-
Relationship trl
700 1# - ADDED ENTRY--PERSONAL NAME
Personal name Stajková, Júlia,
Dates associated with a name 1921-2001
Relationship trl
700 1# - ADDED ENTRY--PERSONAL NAME
Personal name Šoltýsová, Nadežda,
Dates associated with a name 1933-2000
Relationship trl
700 1# - ADDED ENTRY--PERSONAL NAME
Personal name Vychovalá, Ľubica
Relationship trl
700 1# - ADDED ENTRY--PERSONAL NAME
Personal name Bara, István
Relationship bkd
700 1# - ADDED ENTRY--PERSONAL NAME
Personal name Binder, Eberhard,
Dates associated with a name 1924-1998
Relationship bkd
700 1# - ADDED ENTRY--PERSONAL NAME
Personal name Boratynski, Antoni
Relationship bkd
700 1# - ADDED ENTRY--PERSONAL NAME
Personal name Cipár, Miroslav,
Dates associated with a name 1935-2021
Relationship bkd
700 1# - ADDED ENTRY--PERSONAL NAME
Personal name Čechová, Olga,
Dates associated with a name 1925-2010
Relationship bkd
700 1# - ADDED ENTRY--PERSONAL NAME
Personal name Gosnik-Godecová, Ančka
Relationship bkd
700 1# - ADDED ENTRY--PERSONAL NAME
Personal name Jágr, Miloslav,
Dates associated with a name 1927-1997
Relationship bkd
700 1# - ADDED ENTRY--PERSONAL NAME
Personal name Jobová, Cvijeta
Relationship bkd
700 1# - ADDED ENTRY--PERSONAL NAME
Personal name Johanidesová, Oľga,
Dates associated with a name 1942-2007
Relationship bkd
700 1# - ADDED ENTRY--PERSONAL NAME
Personal name Koškin, Alexander
Relationship bkd
700 1# - ADDED ENTRY--PERSONAL NAME
Personal name Slezáček, Branislav,
Dates associated with a name 1949-
Relationship bkd
942 ## - ADDED ENTRY ELEMENTS (KOHA)
Source of classification or shelving scheme Dewey Decimal Classification
Koha item type Krásna literatúra pre deti
Suppress in OPAC No
949 ## - LOCAL PROCESSING INFORMATION (OCLC)
6 17A0791666
a snkSB 37578
s 6101:20151012
949 ## - LOCAL PROCESSING INFORMATION (OCLC)
6 17A0209082
9 P60, <05>, [BOOK], {605}
a snkSB 37578 D1
Holdings
Stav vyradenia Strata Poškodenie Spôsob nadobudnutia Domovská knižnica Aktuálna knižnica Dátum nadobudnutia Total checkouts Čiarový kód exemplára Date last seen Typ exemplára
      Dar Obecná knižnica Horná Štubňa Obecná knižnica Horná Štubňa 06.03.2026   4736201681 06.03.2026 Krásna literatúra pre deti
Projekt je podporený Slovenskou asociáciou knižníc
Prevádzkuje Turčianska knižnica Martin 2026